000 00507nam a22001817a 4500
999 _c523965
_d523965
003 NUST
005 20190613080439.0
008 190613b ||||| |||| 00| 0 eng d
020 _a0130811327
038 _aSNS Library Staff
082 _a515 MAT1999
100 _aArthur Mattuck
_914792
245 _aIntroduction to Analysis
_cArthur Mattuck
260 _aNew Jersey
_bPrentice Hall
_c1999
300 _a460 p.
_bHB
440 _aIntroduction to Analysis
_914793
942 _2ddc
_cBK
_k515 MAT 1999